00142nam a2200061Ia 4500008004100000100001900041245002000060120527s9999 xx 000 0 und d aBURNS,Timothy. aAfter History ?